| 000 | 00598nam a22002177a 4500 | ||
|---|---|---|---|
| 003 | UA-OsUOA | ||
| 001 | 84024 | ||
| 007 | ta | ||
| 008 | 20120516b un ||||| |||| 00| 0 ukr d | ||
| 100 | _aШебанова М.А. | ||
| 090 |
_a32 _bШ36 |
||
| 942 | _cSA | ||
| 040 |
_aUA-OsUOA _brus _cUA-OsUOA _dUA-OsUOA |
||
| 245 | _aИсторические формы транснациональной экономики и политики | ||
| 300 | _aС.172-183 | ||
| 955 | _a0 | ||
| 041 | _arus | ||
| 080 | _a32 | ||
| 773 | 0 |
_w84018 _tПолития _dМ. _d2011 _g4 |
|
| 650 | 7 |
_a32 Політика _2UDC |
|
| 999 |
_c370335 _d370335 |
||